000 01166nam a2200301 a 4500
005 20191224041637.0
008 140305t2000 mx abdofr|||| 001 0 spa d
020 _a970900011X
040 _aCO-BoIAVH
_cCO-BoIAVH
041 0 _aspa
044 _amx
082 0 4 _a333.95822
_bC38a
100 1 _aCeballos, Gerardo
245 1 4 _aLas aves de México en peligro de extinción /
_cGerardo Ceballos & Laura Márquez Valdelamar
260 _aMéxico :
_bCONABIO :
_bInstituto de Ecología Universidad Nacional de México :
_bFondo de Cultura Económica,
_cc2000.
300 _a430 Páginas :
_bIlustraciones, mapas, cuadros y fotografías ;
_c28 x 21 cm.
650 1 4 _aEspecies amenazadas
_zMéxico
650 2 4 _aAves
_xConservación de especies
_zMéxico
650 2 4 _aConservación de la vida silvestre
_zMéxico
650 2 4 _aProtección de las aves
650 2 4 _aAves
_zMéxico
650 0 6 _aConservación de Aves
_zMéxico
650 _aBiodiversidad
650 0 6 _aInventarios de aves
_zMéxico
662 _aMéxico
700 1 _aMárquez Valdelamar, Laura,
_eautora.
942 _cLIBRO
_2ddc
999 _c2490
_d2490